| 000 | nam a22 7a 4500 | ||
|---|---|---|---|
| 999 |
_c3198 _d3198 |
||
| 005 | 20170519163022.0 | ||
| 008 | 170519b1995 -uk||||| |||| 00| 0 eng d | ||
| 020 | _a0900961075 | ||
| 040 | _aAKMAL | ||
| 082 | _a658.322 BOY | ||
| 090 |
_a658.322 _bBOY |
||
| 100 | 1 |
_aBoyett, Joseph H. _96291 |
|
| 245 | 1 | 0 |
_aMaximum performance management : _bhow to manage and compensate people to meet world competition / _cJoseph H. Boyett and Henry P. Conn ; foreword by Fran Tarkenton. |
| 260 |
_aMacomb, Ill. : _bGlenbridge Pub., _c1988 |
||
| 300 |
_axix, 323 p. : _bill. ; _c24 cm |
||
| 504 | _a Includes bibliographical references. | ||
| 650 | 0 |
_a Personnel management. _9602 |
|
| 650 | 0 |
_aPerformance standards. _96426 |
|
| 650 | 0 |
_aCompensation management. _96581 |
|
| 700 | 1 |
_aConn, Henry P. _96582 |
|
| 942 |
_2ddc _cBOOK |
||